01250nam a22002297a 45000010005000000030006000050050017000110080041000280200018000690400029000870820010001161000020001262450095001462500018002412600070002593000050003294900037003795050008004165200547004245210029009715210020010009937FISKH20260317163947.0260317b cb ||||| |||| 00| 0 eng d a9780307479495 aFISKHbengcFISKHdFISKH a372.4 aSylvan Learning aFirst grade reading roundup :bFun games & activities to book skills /cby Sylvan Learning aFirst Edition aNew York : bSylvan Learning Publishing / Random House , c2012 . a29 pages : bcolor illustrations ; c23 cm .  aSylvan Fun on the Runv1st Grade aE  aHave fun improving reading skills with Sylvan's proven techniques for success! First Grade Reading Roundup helps children improve their reading skills through engaging games and activities. Packed with colorful pictures and quick, fun exercises, this book will help students learn and practice while they: · Put words together to make bigger words--like "cup" and "cake" to make "cupcake"! · Unscramble pictures to show the correct sequence of a short story · Try to predict what the story in a book is about by looking at its cover · 8 a200 bLexile estimate 8 aE bRaz-Plus